UBT Library

Të Drejtat e Njeriut dhe Zbatimi i Ligjit : (Record no. 348)

000 -LEADER
fixed length control field 00923nam a22002297a 4500
008 - FIXED-LENGTH DATA ELEMENTS--GENERAL INFORMATION
fixed length control field 131125b xxu||||| |||| 00| 0 alb d
020 ## - INTERNATIONAL STANDARD BOOK NUMBER
International Standard Book Number 9951402232
041 0# - LANGUAGE CODE
Language code of text/sound track or separate title alb
080 ## - UNIVERSAL DECIMAL CLASSIFICATION NUMBER
Universal Decimal Classification number 342.72/73
Common auxiliary subdivision (036)
245 00 - TITLE STATEMENT
Title Të Drejtat e Njeriut dhe Zbatimi i Ligjit :
Statement of responsibility, etc Komisari i Lartë për të Drejtat e Njeriut ; [përkthyes Bekim Sejdiu].
260 ## -
-- Prishtinë :
-- Finish-OHC-HR Human Rights Support Programme-Kosovo ;
-- 2005.
300 ## -
-- 211 f.
-- 30 cm.
490 ## -
-- Seri trajnimesh profesionale
-- Nr. 5
500 ## -
-- Parathënie/Jose Ayala Lasso : f. V-VII
650 #0 -
-- Të drejtat e njeriut
650 #0 -
-- Policia
-- Trajnimi
650 #0 -
-- Detyrimi për zbatimin e ligjit
700 1# -
-- Bekim, Sejdiu
710 ## -
-- Komisari i Lartë për të Drejtat e Njeriut.
-- Qendra për të Drejtat e Njeriut.
710 ## -
-- Kombet e Bashkuara.
942 ## - ADDED ENTRY ELEMENTS (KOHA)
Source of classification or shelving scheme
Item type Books
Holdings
Withdrawn status Lost status Source of classification or shelving scheme Damaged status Not for loan Collection code Permanent location Current location Shelving location Date acquired Total Checkouts Full call number Barcode Date last seen Price effective from Koha item type
          Koleksioni i përgjithshem UBT - Prishtine UBT - Prishtine Koleksioni i përgjithshem 11/25/2013   342.72/73(036) DRE 001-000458 11/25/2013 11/25/2013 Books
UBT Library © 2015-2024. All rights reserved University Education for Business and Technology